000 02035cam a2200421 a 4500
001 685111225
003 OCoLC
005 20150408114015.0
008 101117s2012 maua b 001 0 eng
010 _a2010049114
020 _a9780132156615 (pbk. : alk. paper)
020 _a013215661X (pbk : alk. paper)
020 _a9780132549417 (pbk.)
020 _a0132549417 (pbk.)
035 _a(OCoLC)685111225
_z(OCoLC)709838793
040 _aDNLM/DLC
_cDLC
_dYDX
_dNLM
_dYDXCP
_dCDX
_dEQO
_dVET
042 _apcc
050 0 0 _aRS57
_b.M425 2012
060 1 0 _aQV 748
060 1 4 _aQV 748
_bO52 2012
082 0 0 _a615.14
_222
100 1 _aOlsen, June Looby.
_911494
245 1 0 _aMedical dosage calculations :
_ba dimensional analysis approach /
_cJune L. Olsen, Anthony Patrick Giangrasso, Dolores M. Shrimpton.
250 _a10th ed.
260 _aBoston :
_bPearson,
_cc2012.
300 _axiv, 386 p. :
_bcol. ill. ;
_c28 cm.
500 _aRev. ed. of: Medical dosage calculations / June L. Olsen ... [et al.]. 9th ed. c2008.
504 _aIncludes bibliographical references and index.
505 0 _aReview of arithmetic for medical dosage calculations -- Safe and accurate drug administration -- Dimensional analysis -- The household and metric systems -- Converting from one system of measurement to another -- Oral medication doses -- Syringes -- Preparation of solutions -- Parenteral medications -- Flow rates and durations of enteral and intravenous infusions -- Calculating flow rates for intravenous medications -- Calculating pediatric dosages.
650 0 _aPharmaceutical arithmetic.
_911495
650 0 _aPharmaceutical arithmetic
_vProblems, exercises, etc.
_911496
650 1 2 _aDrug Dosage Calculations
_vNurses' Instruction.
_911497
650 2 2 _aPharmaceutical Preparations
_xadministration & dosage
_vNurses' Instruction.
_910856
700 1 _aGiangrasso, Anthony Patrick.
_911498
700 1 _aShrimpton, Dolores M.
_911499
730 0 _aMedical dosage calculations.
_911500
942 _2ddc
_cBOOK
999 _c21562
_d256062